| 000 | 00480nam a2200169Ia 4500 | ||
|---|---|---|---|
| 999 |
_c19982 _d19982 |
||
| 003 | OSt | ||
| 005 | 20200610113227.0 | ||
| 008 | 190216s9999||||xx |||||||||||||| ||und|| | ||
| 040 | _coclc | ||
| 082 |
_a297.24 _bHAQ/R |
||
| 100 |
_aHaque, Ziaul _92732 |
||
| 245 | 0 |
_aRevelation & Revolution In Islam / _cZiaul Haque |
|
| 260 |
_bVanguard, _c1987. _aLahore: |
||
| 300 | _a259p | ||
| 650 | _aIslamic History | ||
| 942 |
_cBK _2ddc _h297.24 _iHAQ/R _k297.24 _mHAQ/R |
||